| 000 | 00383nam a22001697a 4500 | ||
|---|---|---|---|
| 005 | 20160625100810.0 | ||
| 008 | 160625b xxu||||| |||| 00| 0 eng d | ||
| 020 | _a81-7036-557-0 | ||
| 041 | _aeng | ||
| 082 | _b9955 | ||
| 100 |
_aBahl, Susil _92723 |
||
| 245 | _aBusiness Communication Today | ||
| 260 |
_bSage _c1996 |
||
| 300 | _a194 | ||
| 650 |
_aManagement _9241 |
||
| 942 | _cBK | ||
| 999 |
_c3917 _d3916 |
||